000 00444nam a2200169 i 4500
001 bg
100 1 _aBOTE, Peter
245 0 _aGesellschaftliche Einrichtungen in Wohngebäuden /
_cPeter Bote, Karin Kirsch, Christian Neumann.
260 _aBerlin,
_c1970.
700 1 _aKIRSCH, Karin
700 1 _aNEUMANN, Christian
040 _cBPK
041 _apol
080 _a711.4:72
942 _cKS
008 s pl f |000 0 pol
999 _c27128
_d27128
856 _uhttp://koha.tu.koszalin.pl/cgi-bin/koha/opac-detail.pl?biblionumber=27128
_yKatalog online BPK